| 000 | 00774nam a2200241 a 4500 | ||
|---|---|---|---|
| 001 | BRCA_8363 | ||
| 005 | 20190320210241.0 | ||
| 008 | 290714s1921----au-a###f##---#001-0#ger-# | ||
| 041 | _ager | ||
| 044 | _aau | ||
| 050 | 4 |
_aNE430 _b.S7 1921 |
|
| 100 | 1 |
_aStix, Alfred _920952 |
|
| 245 | 1 | 0 |
_aMeisterwerke der Graphic _bim XV. bis XVII. jahrhundert _cherausgegeben und eingeleitet von Alfred Stix. |
| 260 |
_aViena _bArtur Wolf _c1921 |
||
| 300 |
_a2 v. _bil., 62 láminas _c45 cm. |
||
| 500 | _aDos ejemplares iguales inventariados como un solo libro por el Banco de México | ||
| 500 | _aVer también R100a | ||
| 500 | _aR100 | ||
| 650 | 1 | 4 |
_aGrabados _xSiglos XV-XVII _920953 |
| 650 | 1 | 4 |
_aArte gráfico _xSiglos XV-XVII _zEuropa _920954 |
| 902 | _aGFM | ||
| 942 |
_2lcc _cB |
||
| 999 |
_c8031 _d8031 |
||